| 000 | 01151nam a2200301 a 4500 | ||
|---|---|---|---|
| 001 | 000025733 | ||
| 005 | 20240510195229.0 | ||
| 008 | 110221s1999 ck r 000 0 spa d | ||
| 020 | _a9586831078 | ||
| 040 |
_aDO-SdBNP _bspa _cBNPHU |
||
| 041 | 1 | 7 |
_aspa _heng _2Código de idiomas MARC |
| 082 |
_a374.4 _bR884c |
||
| 100 | 1 |
_aRowntree, Derek. _952522 |
|
| 240 | 1 | 0 |
_aExploring open and distance learning. _lEspañol |
| 245 | 1 | 0 |
_aConociendo la educación abierta y a distancia / _cDerek Rowntree ; traducción de María Isabel Llano Ferro y Juana Llano Ferro. |
| 260 |
_aSanta Fe de Bogotá : _bJaveriano, _c1999. |
||
| 300 |
_a415 p. ; _c24 cm. |
||
| 490 | 1 | _aSerie de Educación Abierta y a Distancia Kogan Page | |
| 534 |
_aTítulo original : _tExploring open and distance learning |
||
| 504 | _aBibliografía : [403]-415 p. | ||
| 650 | 4 |
_aEducación abierta _950845 |
|
| 650 | 0 |
_aEducación a distancia _934220 |
|
| 650 | 4 |
_aAprendizaje _9812 |
|
| 700 | 1 |
_aLlano Ferro, María Isabel, _etr. _952523 |
|
| 700 | 1 |
_aLlano Ferro, Juana, _etr. _952524 |
|
| 830 | 0 |
_aSerie de Educación Abierta y a Distancia Kogan Page _952525 |
|
| 049 | _aBNGR | ||
| 999 |
_c25225 _d25225 |
||